| 000 | 00684nam a22001697a 4500 | ||
|---|---|---|---|
| 008 | 090423t xxu||||| |||| 00| 0 eng d | ||
| 020 | _a0070495041 | ||
| 082 |
_222 _a624.18341 _bPIL |
||
| 100 |
_94144 _aPillai, S. Unnikrishna |
||
| 245 |
_aReinforced concrete design/ _cS. Unnikrishna Pillai & Devdas Menon |
||
| 260 |
_aNew Delhi: _bTata McGraw-Hill, _c2003 |
||
| 300 |
_a875p.: _bill.; _c22 cm. |
||
| 504 | _aIncludes bibliographical references and index | ||
| 650 |
_94148 _aReinforced concrete construction |
||
| 942 |
_2ddc _cBB |
||
| 999 |
_c11404 _d11404 |
||